Parhaan naissivuosan Jussi-palkinnon voittajat - Statistics

Yleistilastot
  • Tätä visaa on pelattu 7 kertaa
  • Keskiarvotulos 9 / 54
Vastaustilastot
Näyttelijä % Oikein
Seela Sella
57%
Seela Sella
57%
Sanna-Kaisa Palo
43%
Amanda Pilke
29%
Elina Salo
29%
Elina Salo
29%
Elina Salo
29%
Emmi Jurkka
29%
Matleena Kuusniemi
29%
Matleena Kuusniemi
29%
Outi Mäenpää
29%
Saara Pakkasvirta
29%
Sara Melleri
29%
Sari Mällinen
29%
Susanna Haavisto
29%
Elsa Turakainen
14%
Helena Vierikko
14%
Kaisu Leppänen
14%
Kristiina Elstelä
14%
Liisamaija Laaksonen
14%
Liisi Tandefelt
14%
Maija Karhi
14%
Miitta Sorvali
14%
Mimosa Willamo
14%
Minna Haapkylä
14%
Minttu Mustakallio
14%
Oona Airola
14%
Rakel Laakso
14%
Rakel Laakso
14%
Rauha Rentola
14%
Rauha Rentola
14%
Rauha Rentola
14%
Rea Mauranen
14%
Salli Karuna
14%
Salli Karuna
14%
Satu Tuuli Karhu
14%
Senni Nieminen
14%
Senni Nieminen
14%
Senni Nieminen
14%
Siiri Angerkoski
14%
Eija Ahvo
0%
Elina Knihtilä
0%
Elna Hellman
0%
Elvi Saarnio
0%
Jaana Järvinen
0%
Kirsti Ortola
0%
Kyllikki Väre
0%
Mari Rantasila
0%
Marja Packalén
0%
Sara Paavolainen
0%
Sidse Babett Knudsen
0%
Tarja Keinänen
0%
Tarja-Tuulikki Tarsala
0%
Tiina Weckström
0%
Ehtoja vastaavia visoja ei löytynyt
Tulosjakauma
Jokaisen tuloksen saaneiden osuus
Persentiili vastausten määrän mukaan
Tuloshistoriasi
Et ole pelannut tätä visaa